| 000 | 00458pab a2200169 454500 | ||
|---|---|---|---|
| 008 | 180718b1995 xxu||||| |||| 00| 0 eng d | ||
| 100 | _aGuerin-Pace, France | ||
| 245 | _aRank-size distribution and the process of urban growth | ||
| 260 | _c1995 | ||
| 300 | _ap.551-62 | ||
| 362 | _aApr | ||
| 650 | _aLand use - Planning - France | ||
| 650 | _aCity planning - France | ||
| 650 | _aCities and towns - France | ||
| 773 | _aUrban Studies | ||
| 909 | _a28628 | ||
| 999 |
_c28628 _d28628 |
||